Normal view MARC view
  • Firearms -- Encyclopedias

Entry Topical Term

Number of records used in: 1

001 - CONTROL NUMBER

  • control field: 88382

003 - CONTROL NUMBER IDENTIFIER

  • control field: NUST

005 - DATE AND TIME OF LATEST TRANSACTION

  • control field: 20220114105214.0

008 - FIXED-LENGTH DATA ELEMENTS

  • fixed length control field: 220114|| aca||aabn | a|a d

040 ## - CATALOGING SOURCE

  • Original cataloging agency: NUST
  • Transcribing agency: NUST

150 ## - HEADING--TOPICAL TERM

  • Topical term or geographic name entry element: Firearms -- Encyclopedias

670 ## - SOURCE DATA FOUND

  • Source citation: Work cat.: (NUST): Matthews, Rupert 88381, The Illustrated Encyclopedia Of Small : Arms From Hand Cannons To Automatic Weapons, 2014.
© 2023 Central Library, National University of Sciences and Technology. All Rights Reserved.